000 00296nam a2200145Ia 4500
003 OSt
005 20231123065057.0
008 170523s9999 xx 000 0 und d
020 _a0-07-113222-8
040 _cIIMT
100 _aBARTOL
245 0 _aMANAGEMENT
260 _bPHI
942 _2ddc
_c02
999 _c1850
_d1850